Click to Translate - Bulgarian - Statistics

General Stats
  • This quiz has been taken 2,261 times
  • The average score is 15 of 20
Answer Stats
Hint Answer % Correct
Good Morning Добро утро (Dobro utro)
91%
Brother Брат (Brat)
89%
Four Четири (Chetiri)
82%
Thank you Благодаря (Blagodarya)
81%
Street Улица (Ulitsa)
79%
Teacher Учител (Uchitel)
78%
Small Малък (Malŭk)
77%
Peace Мир (Mir)
77%
River Река (Reka)
76%
Summer Лято (Lyato)
75%
Exit Изход (Izkhod)
74%
Cow Крава (Krava)
74%
Hand Ръка (Rŭka)
73%
Airport Летище (Letishte)
72%
Difficult Труден (Truden)
71%
Think Мисля (Mislya)
70%
Red Червен (Cherven)
69%
Door Врата (Vrata)
68%
Happy Щастлив (Shtastliv)
67%
Money Пари (Pari)
66%
No matching quizzes found
Score Distribution
Percent of People with Each Score
Percentile by Number Answered
Your Score History
You have not taken this quiz